header

The psychology of dyslexia (Record no. 48319)

MARC details
000 -LEADER
fixed length control field 01704nam a2200361 a 4500
082 04 - DEWEY DECIMAL CLASSIFICATION NUMBER
Classification number 371.91/44
100 1# - MAIN ENTRY--AUTHOR NAME
Personal name Thomson, Michael E.
245 14 - TITLE STATEMENT
Title The psychology of dyslexia
250 ## - EDITION STATEMENT
Edition statement 2nd ed.
260 ## - PUBLICATION, DISTRIBUTION, ETC. (IMPRINT)
Place of publication Chichester, UK ;
-- Malden, MA :
Name of publisher Wiley-Blackwell,
Year of publication 2009.
300 ## - PHYSICAL DESCRIPTION
Number of Pages xii, 236 p. :
Other physical details ill.
505 0# - FORMATTED CONTENTS NOTE
Formatted contents note The nature of dyslexia -- Basic psychometrics and assessment -- Assessing the dyslexic child -- Definition and discrepancies -- Basic neuropsychology -- Neuropsychology of dyslexia -- Models of reading and spelling -- Models of memory -- Phonological and memory deficits in dyslexia -- The social psychology of dyslexia.
650 #0 - SUBJECT ADDED ENTRY--TOPICAL TERM
Topical Term Dyslexia
Topical Term Dyslexic children
856 40 - ELECTRONIC LOCATION AND ACCESS
Uniform Resource Identifier http://site.ebrary.com/lib/rucke/Doc?id=10346154

No items available.

© 2026 Rongo University
Contact us: librarian | system librarian | Rongo university